=LDR 00000nam 2200000 4500 =001 INLIS000000000030906 =005 20250417123911 =035 ##$$a 0010-061300000030906 =008 250417###########################0#ind## =041 ##$$a ind =082 ##$$a F Rom K =090 ##$$a F Rom K, Si h =100 ##$$a Syahidah, Novia =245 1#$$a Hantu Sungai, oleh Novia Syahidah; penyunting, Ninik H /$c oleh Novia Syahidah; penyunting, Ninik H =260 ##$$a 2008 :$b Jakarta =300 ##$$a 88 hlm, : $b ilus ; $c 20 x 14 cm =650 #4$$a Fiksi Kanak-kanak =850 ##$$a NBPNMAT =020 ##$$a 979-56-0150-4 =084 ##$$a F Rom K SYA h =990 ##$$a 21196962/BPAP-NTB/2014 =990 ##$$a 21400613/BPAP-NTB/20142014 =990 ##$$a 0001/BPAP-NTB/20142015 =990 ##$$a 0001/BPAP-NTB/20142015